000 01175cam a22003497a 4500
003 CHAP
005 20241112062702.0
008 971013s1972 r 00010 d
010 _a10701
011 _a11673
035 _a10912
040 _cCHAP
090 _aTesis
100 1 0 _aGómez Cruz, Manuel Ángel
_949661
245 1 3 _aEl minifundio en México; un estudio de caso
260 _aChapingo, Méx. :
_bEl autor,
_c1972
300 _a79 h
502 _aTesis (Ing. Agr. Esp. en Economía Agrícola) -- ENA. Departamento de Economía Agrícola
590 _aALEPH
_b10
_c20130110
_lUCH01
_h1227
590 _aBATCH-UPD
_b10
_c20130110
_lUCH01
_h0952
590 _aBATCH-UPD
_b10
_c20130410
_lUCH01
_h0606
590 _aBATCH-UPD
_b10
_c20130914
_lUCH01
_h0000
590 _aCONVERSION
_b10
_c20130109
_lUCH01
_h1307
650 1 4 _aAgricultura
_xAspectos economicos
_xTlaxcala.
_91300
650 1 4 _aAgricultura
_zTlaxcala.
_91939
650 1 4 _aTierras
_xTenencia
_zMéxico.
_9113215
901 _aBK
942 _cFOLL
949 _bBC
_cTES
_d-22912
_eTS1
_i10912
_si
949 _bBC
_cTES
_d-22914
_eTS2
_fc.2
_h21187
_i10912
_si
949 _bBC
_cTES
_d-22915
_eTS2
_fc.3
_i10912
_si
999 _c10701
_d10701